000 01690nam a2200313 i 4500
003 DO-SdBNP
005 20260321073646.0
007 ta
008 250709e2025 dr ||||gr|||| 00| 0 spa d
020 _a9789945587364
040 _aDO-SdBNP
_bspa
_cBNPHU
_erda
041 _aspa
082 4 _a972.93054
_bB742r 2025
_222
100 1 _a Bosch, Juan,
_d1909-2001
_eautor
_4aut.
_976555
245 1 3 _aLa revolución de abril /
_cJuan Bosch
250 _aSegunda edición
264 4 _aSanto Domingo, República Dominicana
_bFundación Juan Bosch,
_c©2025.
300 _a47 páginas ;
_c23 cm.
336 _atxt
_brdacontent
_2texto
337 _aSin mediación
_bn
_2rdamedia
338 _avolumen
_bnc
_2rdacarrier
504 _aBibliografía: página 47
505 _aCapítulo I --
_tLas bases materiales --
_tUna burguesía--
_gCapítulo II
_tBajo desarrollo social --
_tEjercito y Estado --
_gCapítulo III
_tLa guerra mundial de 1914 --
_tLos ascensos de Trujillo --
_gCapítulo IV
_tDel poder militar al poder político --
_tLa doble contratación --
_gCapítulo V
_tLos monopolios de Trujillo --
_tUna contradidicion --
_gCapítulo VI
_tDe La Trinitaria a la Restauración --
_tEl cuarto y el quinto --
_tEl cuarto y el quinto --
520 _aLos aspirantes a burgueses que no pudieron satisfacer sus aspiraciones bajo el régimen trujillista creían en la democracia representativa, que, aunque para ellos no tuviera reacción con el sistema capitalista, era y es la proyección política de este sistema.
590 _aInventariado, 2025/ YL
650 4 _aRepública Dominicana
_xHistoria
_yRevolución, 1965
_943872
910 _aYLockward/Validado. Control de calidad MFF
942 _2ddc
_cLF2
999 _c59472
_d59472